ბათუმის შოთა რუსთაველის სახელმწიფო უნივერსიტეტის ბიბლიოთეკა

მათემატიკა ინჟინრებისათვის II. სახელმძღ. / (ბიბ.ჩანაწერი № 38441)

000 -ლიდერი
ფიქსირებული სიგრძის საკონტროლო ველი 01058nam a2200241Ia 4500
001 - საკონტროლო ნომერი
საკონტროლო ველი 4452
003 - საკონტროლო ნომრის იდენტიფიკატორი
საკონტროლო ველი GE_BSU
005 - ბოლო ოპერაციის თარიღი და დრო
საკონტროლო ველი 20190527160413.0
008 - ფიქსირებული სიგრძის მონაცემთა ელემენტები - ზოგადი ინფორმაცია
ფიქსირებული სიგრძის საკონტროლო ველი 181216s1986|||| |||||||||||||| ||geo||
040 ## - კატალოგიზაციის წყარო
Transcribing agency GE_BSU
041 ## - ენის კოდი
Language code of text/sound track or separate title geo
080 ## - უნივერსალური ათობითი კლასიფიკაციის ინდექსი
Universal Decimal Classification number 517.1(075.8) ბ–95
100 ## - მთავარი ჩანაწერი - პიროვნების სახელი
Personal name ბუაძე,ა.
9 (RLIN) 1652
245 ## - ცნობა სათაურის შესახებ
Title მათემატიკა ინჟინრებისათვის II. სახელმძღ. /
Statement of responsibility, etc ა. ბუაძე ; ა. გაბრაშვილი ; დ. წვენიაშვილი ; რედ. ა.ბუაძე.
264 ## - წარმოების, გამოცემის, დისტრიბუციის და სხვა ცნობები
გამოცემის, წარმოების, დისტრიბუციის... ადგილი თბილისი :
გამოცემის, წარმოების, დისტრიბუციის... სახელწოდება თბილ. უნ–ტის გამ–ბა,
გამოცემის, წარმოების, დისტრიბუციის... თარიღი 1986.
300 ## - ფიზიკური აღწერა
Extent 501 გვ .:
Dimensions 21 სმ.
653 ## - INDEX TERM--UNCONTROLLED
Uncontrolled term მათემატიკა ინჟინრებისათვის.
653 ## - INDEX TERM--UNCONTROLLED
Uncontrolled term მათემატიკა
700 ## - ADDED ENTRY--PERSONAL NAME
Personal name გაბრაშვილი, ა
9 (RLIN) 1656
700 ## - ADDED ENTRY--PERSONAL NAME
Personal name წვენიაშვილი, დ
9 (RLIN) 1657
700 ## - ADDED ENTRY--PERSONAL NAME
Personal name ბუაძე, ა
Relator term რედაქტორი
9 (RLIN) 1420
942 ## - ADDED ENTRY ELEMENTS (KOHA)
Koha item type წიგნი
Source of classification or shelving scheme
ეგზემპლარები
ჩამოწერის სტატუსი დაკარგული ეგზემპლარის სტატუსი კლასიფიკაციის წყარო ან თაროზე გაწყობის სქემა დაზიანების სტატუსი არ გაიცემა მუდმივი მდებარეობა (დაცვის ადგილი) ამჟამინდელი ადგილსამყოფელი თაროზე განთავსების ადგილი შეძენის თარიღი ღირებულება, შესყიდვის ნორმალური ფასი სრული შენახვის შიფრი შტრიხკოდი ბოლო ოპერაციის თარიღი ეგზემპლარის მიმდევრობითი ნომერი (კეტერი?) ფასის ძალაში შესვლის თარიღი ეგზემპლარის სახეობა საჯარო შენიშვნა
          ტექნოლოგიური ფაკულტეტის ბიბლიოთეკა ტექნოლოგიური ფაკულტეტის ბიბლიოთეკა წიგნსაცავი 2018-12-17 2.00 517.1(075.8) ბ–95 9124 2018-12-17 9124 2018-12-17 წიგნი 2 ლ. 60 თ.
          ტექნოლოგიური ფაკულტეტის ბიბლიოთეკა ტექნოლოგიური ფაკულტეტის ბიბლიოთეკა წიგნსაცავი 2018-12-17 2.00 517.1(075.8) ბ–95 9125 2018-12-17 9125 2018-12-17 წიგნი 2 ლ. 60 თ.
          ტექნოლოგიური ფაკულტეტის ბიბლიოთეკა ტექნოლოგიური ფაკულტეტის ბიბლიოთეკა წიგნსაცავი 2018-12-17 2.00 517.1(075.8) ბ–95 9126 2018-12-17 9126 2018-12-17 წიგნი 2 ლ. 60 თ.
          ტექნოლოგიური ფაკულტეტის ბიბლიოთეკა ტექნოლოგიური ფაკულტეტის ბიბლიოთეკა წიგნსაცავი 2018-12-17 2.00 517.1(075.8) ბ–95 9127 2018-12-17 9127 2018-12-17 წიგნი 2 ლ. 60 თ.
          ტექნოლოგიური ფაკულტეტის ბიბლიოთეკა ტექნოლოგიური ფაკულტეტის ბიბლიოთეკა წიგნსაცავი 2018-12-17 2.00 517.1(075.8) ბ–95 9128 2018-12-17 9128 2018-12-17 წიგნი 2 ლ. 60 თ.